Vine's complete expository dictionary of Old and New Testament words / (Record no. 6672)
[ view plain ]
| 000 -LEADER | |
|---|---|
| fixed length control field | 00952cam a2200277 a 4500 |
| 001 - CONTROL NUMBER | |
| control field | 1188661 |
| 003 - CONTROL NUMBER IDENTIFIER | |
| control field | GBCCL |
| 005 - DATE AND TIME OF LATEST TRANSACTION | |
| control field | 20241126110608.0 |
| 008 - FIXED-LENGTH DATA ELEMENTS--GENERAL INFORMATION | |
| fixed length control field | 970520s1996 tnu d 000 0 eng |
| 010 ## - | |
| -- | 97153185 |
| 020 ## - INTERNATIONAL STANDARD BOOK NUMBER | |
| International Standard Book Number | 0840775598 |
| 040 ## - CATALOGING SOURCE | |
| Original cataloging agency | DLC |
| Transcribing agency | DLC |
| Modifying agency | DLC |
| 050 00 - | |
| -- | BS440 |
| -- | .V746 1996a |
| 082 00 - DEWEY DECIMAL CLASSIFICATION NUMBER | |
| Classification number | 220.3 |
| Edition information | 21 |
| Item number | VIN |
| 100 1# - MAIN ENTRY--PERSONAL NAME | |
| Personal name | Vine, W. E. |
| Fuller form of name | (William Edwy), |
| Dates associated with a name | 1873-1949. |
| 9 (RLIN) | 5890 |
| 240 10 - | |
| -- | Complete expository dictionary of Old and New Testament words |
| 245 10 - TITLE STATEMENT | |
| Title | Vine's complete expository dictionary of Old and New Testament words / |
| Remainder of title | W.E. Vine ; [edited by] Merrill F. Unger, William White, Jr. |
| 260 ## - PUBLICATION, DISTRIBUTION, ETC. | |
| Place of publication, distribution, etc. | Nashville : |
| Name of publisher, distributor, etc. | T. Nelson, |
| Date of publication, distribution, etc. | c1985. |
| 300 ## - PHYSICAL DESCRIPTION | |
| Extent | xviii, 755 p. ; |
| Dimensions | 25 cm. |
| 500 ## - GENERAL NOTE | |
| General note | "Keyed to Strong's reference numbers." |
| 630 00 - SUBJECT ADDED ENTRY--UNIFORM TITLE | |
| Uniform title | Bible |
| General subdivision | Dictionaries. |
| 9 (RLIN) | 510 |
| 700 1# - ADDED ENTRY--PERSONAL NAME | |
| Personal name | Unger, Merrill F. |
| 9 (RLIN) | 6910 |
| 906 ## - LOCAL DATA ELEMENT F, LDF (RLIN) | |
| a | 7 |
| b | cbc |
| c | orignew |
| d | 2 |
| e | ncip |
| f | 19 |
| g | y-gencatlg |
| 942 ## - ADDED ENTRY ELEMENTS (KOHA) | |
| Source of classification or shelving scheme | Dewey Decimal Classification |
| Koha item type | Reference Books |
| Withdrawn status | Lost status | Source of classification or shelving scheme | Damaged status | Not for loan | Home library | Current Library | Shelving location | Date acquired | Total checkouts | Full call number | Barcode | Date last seen | Copy number | Price effective from | Koha item type |
|---|---|---|---|---|---|---|---|---|---|---|---|---|---|---|---|
| Dewey Decimal Classification | GRACE BIBLE COLLEGE | GRACE BIBLE COLLEGE | Dictionary | 2018-05-23 | 220.3 VIN | 005410 | 2025-05-01 | c.1 | 2018-05-23 | Reference Books | |||||
| Dewey Decimal Classification | GRACE BIBLE COLLEGE | GRACE BIBLE COLLEGE | Dictionary | 2018-05-23 | 220.3 VIN | 005411 | 2025-05-01 | c.2 | 2018-05-23 | Reference Books |